000 00801nam a2200241 a 4500
001 2877
003 BD-RjUL
005 20211208233633.0
008 131217s1956 enk 001 0 eng d
035 _a(BD-RjUL)2905
040 _aBD-RjUL
_beng
_cBD-RjUL
041 _aeng
082 0 0 _a338.13
_218
_bBEA 1956
100 1 _aBellerby, J. R.
_q(John Rotherford),
_d1896-1977.
_99220
245 1 0 _aAgriculture and industry relative income /
_cby J.R. Bellerby ; in association with G.R. Allen ... [et al.]
260 _aLondon :
_bMacmillan ;
_aNew York :
_bSt. Martin's Press,
_c1956.
300 _axii, 369 p. :
_bill. ;
_c23 cm
504 _aIncludes index.
650 0 _aAgriculture
_xEconomic aspects
_99221
650 0 _aFarm income
_99222
700 1 _aAllen, George Rollason.
_99223
942 _2ddc
_cBK
999 _c2877
_d2877